000 00645nam a2200205 i 4500
001 117086
003 ES-MaACL
005 20251002204609.0
007 t|
008 071121s1944 sp r ||||1| spa d
100 1 _aPeña, Alfonso de la.
_990203
245 1 3 _aLa resección transuretral de la próstata /
_cAlfonso de la Peña, Emilio de la Peña ; prólogo de W. Braasch.
250 _a1ª. ed.
260 _aMadrid :
_bMorata,
_c1944.
300 _a150 p., 10 lám. ;
_c24 cm.
700 1 _aBraasch, W.
_931225
700 1 _aPeña, Emilio de la,
_d1905-2001
_9153294
852 _aES-MaACL
_jE-350
_bR.26378
999 _c117086
_d117086